000 01121cam a2200301 4500
001 3617545
005 20230324105610.0
008 710716s1971 nyua b 001 0 eng
010 _a 73157430
020 _a0486600610
040 _aDLC
_beng
_cDLC
_dDLC
050 0 0 _aTL1050
_b.B33 1971
082 0 0 _a629.411
_bBAT
100 1 _aBate, Roger R.,
_d1923-
_9111345
245 1 0 _aFundamentals of astrodynamics
_c[by] Roger R. Bate, Donald D. Mueller [and] Jerry E. White.
260 _aNew York,
_bDover Publications
_c[1971]
300 _axii, 455 p.
_billus.
_c22 cm.
350 _a$4.50
504 _aIncludes bibliographies.
650 0 _aOrbital mechanics.
_919174
650 0 _aAstrodynamics.
_983859
700 1 _aMueller, Donald D.,
_d1933-
_ejoint author.
_9111346
700 1 _aWhite, Jerry E.,
_d1937-
_ejoint author.
_9111347
856 4 2 _3Publisher description
_uhttp://www.loc.gov/catdir/enhancements/fy0714/73157430-d.html
856 4 1 _3Table of contents only
_uhttp://www.loc.gov/catdir/enhancements/fy1318/73157430-t.html
906 _a7
_bcbc
_corignew
_d2
_encip
_f19
_gy-gencatlg
942 _2ddc
_cBK
999 _c594236
_d594236